Embarazo y parto

Zapisane w:
Opis bibliograficzny
1. autor: Thorn, Gill (Autor)
Format: Książka
Język:hiszpański
Wydane: Barcelona Paidotribo 2001
Wydanie:1a. ed
Hasła przedmiotowe:
Etykiety: Dodaj etykietę
Nie ma etykietki, Dołącz pierwszą etykiete!

MARC

LEADER 00000nam a2200000 a 4500
001 UCH3240
003 CL-VaPUC
008 090722e20010000SP |||||||||||||||||spa|d
020 |a 8480192755 
082 0 4 |a 612.63  |b THO  |2 21 
100 0 |a Thorn, Gill  |e author  |9 538524 
245 1 0 |a Embarazo y parto 
250 |a 1a. ed 
300 |a 208 p 
942 |c BK 
945 |d 20090722 00:00:00  |a cmena 
260 |a Barcelona  |b Paidotribo  |c 2001 
650 7 |a EMBARAZO  |2 CL-VaPUC  |9 308235 
650 7 |a CUIDADO PRENATAL  |2 CL-VaPUC  |9 309373 
650 7 |a PARTO  |2 CL-VaPUC  |9 310888 
650 0 |a Atención médica  |9 337119 
583 |a last modification  |c 20090722 00:00:00  |k Rodrigo Vera 
999 |c 334857  |d 334855 
952 |0 0  |1 0  |4 0  |6 612_630000000000000_THO_2001  |7 0  |8 A  |9 424099  |a BIBCUR  |b BIBCUR  |d 2019-11-22  |i 1089129  |o 612.63 THO 2001  |p 1089129  |r 2025-04-22  |w 2019-11-22  |y BK  |k KIN